[Event "Ch Great Britain"]
[Site "masterchessopen.com Hove (England)"]
[Round "4"]
[White "Buckley Graeme (ENG)"]
[Black "Roktim Bandyopadhyay (IND)"]
[Result "1-0"]
[WhiteElo "2380"]
[BlackElo "2275"]

1.d4 Nf6 2.c4 e6 3.Nc3 Bb4 4.e3 c5 5.Bd3 Nc6 6.Ne2 cxd4 7.exd4 d5 8.cxd5 Nxd5
9.O-O O-O 10.a3 Be7 11.Bb1 Nf6 12.Qd3 g6 13.Ba2 b6 14.Bh6 Re8 15.Rad1 Bb7
16.Rfe1 Kh8 17.Qh3 Nd5 18.Nxd5 exd5 19.Qf3 Bf6 20.Bxd5 Nxd4 21.Nxd4 {#r} 1-0

[Event "It (open)"]
[Site "masterchessopen.com Las Vegas (USA)"]
[Round "2"]
[White "London A"]
[Black "Serper Grigory (USA)"]
[Result "0-1"]
[WhiteElo "2265"]
[BlackElo "2540"]

1.d4 Nf6 2.c4 e6 3.Nc3 Bb4 4.e3 c5 5.Bd3 Nc6 6.Ne2 cxd4 7.exd4 d5 8.Bg5 Be7
9.O-O O-O 10.Qd2 dxc4 11.Bxc4 b6 12.Rad1 Bb7 13.a3 Nd5 14.Be3 Nxe3 15.Qxe3 Bd6
16.Ne4 Ne7 17.Nxd6 Qxd6 18.Nc3 Qc6 19.Qf3 Qxf3 20.gxf3 Bxf3 21.Rd3 Bb7 22.Rfd1
Ng6 23.d5 Ne5 {#R} 0-1

[Event "It (open)"]
[Site "masterchessopen.com Santiago (Chile)"]
[Round "4"]
[White "Salas Cristian (CHI)"]
[Black "Bustos Jacinto (CHI)"]
[Result "1-0"]
[WhiteElo "2285"]
[BlackElo "2176"]

1.d4 Nf6 2.c4 e6 3.Nc3 Bb4 4.e3 c5 5.Bd3 Nc6 6.Nf3 d6 7.O-O O-O 8.Bd2 Re8
9.Ne4 e5 10.Bxb4 Nxb4 11.dxc5 dxc5 12.Bb1 Qe7 13.a3 Nxe4 14.Bxe4 Nc6 15.Qc2 f6
16.Rfd1 Bd7 17.Rd2 Red8 18.Rad1 Be8 19.h3 Rxd2 20.Rxd2 Rd8 21.Qd1 Rxd2 22.Qxd2
Nd8 23.Qd3 {#r} 1-0

[Event "Ch St. Petersburg"]
[Site "masterchessopen.com St. Petersburg (Russia)"]
[Round "3"]
[White "Shchukin Dmitry (RUS)"]
[Black "Orlov Vassily (RUS)"]
[Result "0-1"]
[WhiteElo "2400"]
[BlackElo "2425"]

1.d4 Nf6 2.c4 e6 3.Nc3 Bb4 4.e3 c5 5.Bd3 Nc6 6.Ne2 d5 7.O-O cxd4 8.exd4 dxc4
9.Bxc4 O-O 10.a3 Be7 11.Be3 a6 12.Ba2 b5 13.Nf4 b4 14.axb4 Nxb4 15.Qf3 Rb8
16.Bb1 Bd6 17.Nh5 Nxh5 18.Qxh5 f5 19.Bg5 Qb6 20.Ra3 Bb7 21.d5 g6 22.Qh6 Nxd5
23.Nxd5 Bxd5 24.Rh3 Qb7 25.Bd3 Rf7 26.f3 Qxb2 27.Bxa6 Qb6+ 28.Be3 Qxa6 29.Bd4
e5 30.Rg3 exd4 31.Rxg6+ hxg6 32.Qxg6+ Rg7 {#R} 0-1

[Event "It (juniors)"]
[Site "masterchessopen.com Tallinn (Estonia)"]
[Round "2"]
[White "Bekker-Jensen David (DEN)"]
[Black "Shishkov Andrei (EST)"]
[Result "1-0"]
[WhiteElo "2180"]
[BlackElo "2230"]

1.d4 Nf6 2.c4 e6 3.Nc3 Bb4 4.e3 c5 5.Bd3 Nc6 6.Ne2 cxd4 7.exd4 d5 8.cxd5 Nxd5
9.O-O O-O 10.Be4 Nf6 11.Bf3 Be7 12.Bf4 Nb4 13.Qb3 Nbd5 14.Be5 Qa5 15.Rfe1 Rd8
16.Nxd5 Nxd5 17.Bxd5 Rxd5 18.Nf4 Rb5 19.Qg3 g6 20.a4 Rb4 21.d5 Rxa4 22.Rad1
Bb4 23.Rf1 Bd7 24.dxe6 Bxe6 25.Nxe6 fxe6 26.Rd7 {#r} 1-0

[Event "Ch City"]
[Site "masterchessopen.com Vienna (Austria)"]
[Round "8"]
[White "Zoebisch Herbert (AUT)"]
[Black "Dueckstein Andreas (AUT)"]
[Result "0-1"]
[WhiteElo "2149"]
[BlackElo "2330"]

1.d4 Nf6 2.c4 e6 3.Nc3 Bb4 4.e3 c5 5.Bd3 d6 6.Ne2 Nc6 7.Bd2 e5 8.d5 Ne7 9.a3
Bxc3 10.Nxc3 O-O 11.Qc2 Kh8 12.h4 Ne8 13.O-O-O f5 14.f3 a6 15.Rdf1 Nf6 16.h5
h6 17.Be1 Bd7 18.Bh4 b5 19.e4 b4 20.Nb1 bxa3 21.Nxa3 fxe4 22.fxe4 Neg8 23.Nb1
Bg4 24.Be2 Qd7 25.Nc3 Nxh5 26.Qd1 Bxe2 27.Nxe2 Qg4 {#R} 0-1

[Event "It"]
[Site "masterchessopen.com Volgograd (Russia)"]
[Round "2"]
[White "Shubin Alexey (RUS)"]
[Black "Panchenko Alexander N (RUS)"]
[Result "0-1"]
[WhiteElo "2255"]
[BlackElo "2425"]

1.d4 Nf6 2.c4 e6 3.Nc3 Bb4 4.e3 c5 5.Bd3 Bxc3+ 6.bxc3 d6 7.Nf3 Nc6 8.Nd2 e5
9.d5 Ne7 10.O-O O-O 11.Qc2 Re8 12.f4 exf4 13.exf4 g6 14.Nf3 Bf5 15.Bd2 Qd7
16.Nh4 Bxd3 17.Qxd3 Nf5 18.Nf3 Re7 19.Rfe1 Rae8 20.Rxe7 Rxe7 21.Re1 h5 22.Kf1
Kg7 23.Be3 Qa4 24.Bf2 Rxe1+ 25.Bxe1 Qxc4 26.Qxc4 Ne3+ 27.Ke2 Nxc4 28.Kd3 b5
29.Bh4 {#R} 0-1

[Event "It (open)"]
[Site "masterchessopen.com Zadar (Croatia)"]
[Round "9"]
[White "Franic Milan (CRO)"]
[Black "Kutuzovic Branko (CRO)"]
[Result "1-0"]
[WhiteElo "2425"]
[BlackElo "2420"]

1.d4 Nf6 2.c4 e6 3.Nc3 Bb4 4.e3 c5 5.Bd3 Nc6 6.Nf3 Bxc3+ 7.bxc3 d6 8.e4 e5
9.d5 Ne7 10.Nh4 h6 11.f4 Ng6 12.Nxg6 fxg6 13.O-O O-O 14.Qe1 exf4 15.Bxf4 g5
16.Bg3 Re8 17.e5 dxe5 18.Bxe5 Bd7 19.Qe2 Qe7 20.Rae1 b6 21.Bc2 Qf7 22.Qf3 Rf8
23.Qd3 Be8 24.Bxf6 gxf6 25.Rxf6 Qg7 26.Rfe6 Bf7 27.Re7 Rfe8 28.d6 Kf8 29.Rxf7+
{#r} 1-0

[Event "Ch Czech Republic (cat.10)"]
[Site "masterchessopen.com Zlin (Czech Republic)"]
[Round "10"]
[White "Babula Vlastimil (CZE)"]
[Black "Haba Petr (CZE)"]
[Result "0-1"]
[WhiteElo "2545"]
[BlackElo "2580"]

1.d4 Nf6 2.c4 e6 3.Nc3 Bb4 4.e3 c5 5.Bd3 Nc6 6.Nf3 Bxc3+ 7.bxc3 d6 8.O-O e5
9.Ng5 O-O 10.f4 exd4 11.cxd4 h6 12.Nf3 Re8 13.d5 Nb4 14.Bb1 Ne4 15.Bb2 Bf5
16.a3 Na6 17.Nd2 Nxd2 18.Bxf5 Nxc4 19.Rf2 Nxb2 20.Rxb2 Qf6 21.Qb1 Rab8 22.Re2
Nc7 {#R} 0-1

[Event "Ch Italy \"]
[Site "masterchessopen.com Montecatini Terme (Italy)"]
[Round "3"]
[White "De Santis Alessio (ITA)"]
[Black "Vezzosi Paolo (ITA)"]
[Result "0-1"]
[WhiteElo "2185"]
[BlackElo "2270"]

1.d4 Nf6 2.c4 e6 3.Nc3 Bb4 4.e3 c5 5.Bd3 Nc6 6.Ne2 cxd4 7.exd4 d5 8.O-O O-O
9.a3 Be7 10.b3 b6 11.Be3 Bb7 12.Qb1 dxc4 13.bxc4 Na5 14.Rd1 Qc8 15.Qa2 Ba6
16.Nb5 Bxb5 17.cxb5 Qd7 18.Bd2 Nb7 19.Bg5 Nd6 20.Qb1 h6 21.Bd2 Rac8 22.Qb3 Rc7
23.a4 Rfc8 24.Bf4 Nd5 25.Be5 Bf6 26.f4 Qe7 27.Rac1 Rxc1 28.Rxc1 Rxc1+ 29.Nxc1
Bxe5 30.fxe5 Qg5 31.Ne2 Qe3+ 32.Kf1 Ne4 {#R} 0-1

[Event "It (a)"]
[Site "masterchessopen.com Budapest (Hungary)"]
[Round "1"]
[White "Kaczorowski Piotr (POL)"]
[Black "Hera Imre Jr (HUN)"]
[Result "1-0"]
[WhiteElo "2093"]
[BlackElo "2345"]

1.d4 Nf6 2.c4 e6 3.Nc3 Bb4 4.e3 c5 5.Bd3 Nc6 6.Nf3 Bxc3+ 7.bxc3 d6 8.O-O O-O
9.Ng5 e5 10.dxc5 dxc5 11.Ne4 Nxe4 12.Bxe4 Qc7 13.f4 exf4 14.exf4 Be6 15.f5
Bxc4 16.f6 g6 17.Qd2 Nd8 18.Qh6 Ne6 19.Rf5 Be2 20.Bf4 Qd7 21.Rd5 Qa4 22.Rd6
Rfd8 23.Rxe6 Rd1+ 24.Kf2 {#r} 1-0

[Event "It \"]
[Site "masterchessopen.com Buenos Aires (Argentina)"]
[Round "9"]
[White "Tempone Marcelo (ARG)"]
[Black "Quiroga Facundo (ARG)"]
[Result "1-0"]
[WhiteElo "2450"]
[BlackElo "2370"]

1.d4 Nf6 2.c4 e6 3.Nc3 Bb4 4.e3 c5 5.Bd3 Nc6 6.Ne2 b6 7.O-O cxd4 8.exd4 O-O
9.Bg5 h6 10.Bh4 Bb7 11.Rc1 Rc8 12.Bb1 Be7 13.a3 d6 14.Qd3 g6 15.Nf4 Qe8
16.Rfe1 e5 17.Nb5 Kg7 18.Bxf6+ Kxf6 19.Nh5+ {#r} 1-0

[Event "Ch World (juniors) (under 20)"]
[Site "masterchessopen.com Calicut (India)"]
[Round "3"]
[White "Roghani Arash (IRI)"]
[Black "Mahesh Chandran P (IND)"]
[Result "1-0"]
[WhiteElo "2371"]
[BlackElo "2280"]

1.d4 Nf6 2.c4 e6 3.Nc3 Bb4 4.e3 c5 5.Bd3 Nc6 6.Nf3 Bxc3+ 7.bxc3 d6 8.Qc2 h6
9.O-O O-O 10.e4 e5 11.d5 Ne7 12.Nh4 Re8 13.f4 exf4 14.Bxf4 Ng6 15.Nxg6 fxg6
16.Rab1 g5 17.e5 Ng4 18.Bg3 Nxe5 19.Bg6 Rf8 20.Rxf8+ Qxf8 21.Rf1 Qe7 22.Bxe5
dxe5 23.Bh7+ Kh8 24.Qg6 Bg4 25.Rf7 Qxf7 26.Qxf7 {#r} 1-0

[Event "OSW 1998/99"]
[Site "masterchessopen.com Germany"]
[Round "3"]
[White "Niklasch Oliver (GER)"]
[Black "Biehler Thomas (GER)"]
[Result "1-0"]
[WhiteElo "2345"]
[BlackElo "2254"]

1.d4 Nf6 2.c4 e6 3.Nc3 Bb4 4.e3 c5 5.Bd3 Nc6 6.Ne2 d5 7.cxd5 Nxd5 8.O-O cxd4
9.exd4 Be7 10.a3 Bf6 11.Bc2 Nxc3 12.bxc3 O-O 13.Qd3 g6 14.Bh6 Re8 15.Ng3 e5
16.d5 Ne7 17.Qf3 Bg7 18.Bxg7 Kxg7 19.Rad1 Ng8 20.c4 Nf6 21.Qc3 Bg4 22.f3 Bd7
23.f4 Qc7 24.Rd2 exf4 25.Rdf2 g5 26.Nh5+ {#r} 1-0

[Event "It (cat.1)"]
[Site "masterchessopen.com Hampstead (England)"]
[Round "11"]
[White "Palliser Richard (ENG)"]
[Black "Adrian Claude (FRA)"]
[Result "0-1"]
[WhiteElo "2175"]
[BlackElo "2310"]

1.d4 Nf6 2.c4 e6 3.Nc3 Bb4 4.e3 c5 5.Bd3 Nc6 6.Ne2 cxd4 7.exd4 d5 8.cxd5 Qxd5
9.O-O Qh5 10.h3 O-O 11.Be3 b6 12.Ne4 Be7 13.Qa4 Bb7 14.Ng5 Bd6 15.Ng3 Bxg3
16.fxg3 Nd5 17.Bd2 h6 18.Ne4 Rad8 19.g4 Qh4 20.g5 f5 21.gxf6 Nxf6 22.Rf4 Qh5
23.Nxf6+ Rxf6 24.Rxf6 gxf6 25.Be3 Nxd4 26.Bf1 Qh4 27.Qc4 Rd7 28.Bf2 Qf4 29.Re1
Nf3+ {#R} 0-1

[Event "It (open)"]
[Site "masterchessopen.com Jyvaskyla (Finland)"]
[Round "2"]
[White "Heinimaki Leo (FIN)"]
[Black "Sassi Pekka (FIN)"]
[Result "1-0"]
[WhiteElo "2072"]
[BlackElo "2060"]

1.d4 Nf6 2.c4 e6 3.Nc3 Bb4 4.e3 c5 5.Bd3 Nc6 6.Ne2 cxd4 7.exd4 d5 8.cxd5 Nxd5
9.O-O O-O 10.Bc2 Nxc3 11.bxc3 Bd6 12.Qd3 Qh4 13.g3 Qh5 14.Nf4 Bxf4 15.Bxf4 b6
16.Bd1 Qg6 17.Qe2 Bb7 18.Bc2 Qf6 19.Qd3 Qg6 20.Qe2 Qf6 21.Qh5 g6 22.Qe2 Rac8
23.Rac1 Rfe8 24.Be4 Ba8 25.h4 e5 26.Bg5 Qg7 27.d5 f5 28.Bc2 Na5 29.d6 Qd7
30.Be7 Qc6 31.f3 Qxc3 32.Bb3+ {#r} 1-0

[Event "Ch World (juniors) (under 18)"]
[Site "masterchessopen.com Marina d'Or (Spain)"]
[Round "10"]
[White "Martinez Martin David (ESP)"]
[Black "Halkias Stelios (GRE)"]
[Result "0-1"]
[WhiteElo "2285"]
[BlackElo "2435"]

1.d4 Nf6 2.c4 e6 3.Nc3 Bb4 4.e3 c5 5.Bd3 Nc6 6.Nf3 Bxc3+ 7.bxc3 d6 8.e4 e5
9.d5 Ne7 10.Nh4 h6 11.f3 Nh5 12.g3 g6 13.Be3 Kf8 14.O-O Kg7 15.Kh1 Ng8 16.Rg1
Ngf6 17.Qe2 Nh7 18.Rac1 Re8 19.Ng2 Bh3 20.f4 N7f6 21.fxe5 Rxe5 22.Bf4 Nd7
23.Ne3 Qf6 24.Bxe5 Nxe5 25.Ng2 Qg5 26.Rgf1 {#R} 0-1

[Event "VK3 1997/98"]
[Site "masterchessopen.com NRW (Germany)"]
[Round "1"]
[White "Kirchner Gerd (GER)"]
[Black "Janssen Ruud (NED)"]
[Result "0-1"]
[WhiteElo "2046"]
[BlackElo "2345"]

1.d4 Nf6 2.c4 e6 3.Nc3 Bb4 4.e3 c5 5.Bd3 Nc6 6.Nf3 Bxc3+ 7.bxc3 d6 8.e4 e5
9.d5 Ne7 10.h3 h6 11.Nh2 Qa5 12.Qb3 Ng6 13.O-O Nh5 14.Re1 O-O 15.Nf1 Nhf4
16.Bc2 Qd8 17.Bxf4 exf4 18.e5 Nxe5 19.Nh2 Qg5 20.Kh1 f3 {#R} 0-1

[Event "Ch Spain (juniors) (under 18) (g)"]
[Site "masterchessopen.com Oropesa (Spain)"]
[Round "0"]
[White "Quevedo Gomez Lorena (ESP)"]
[Black "Sanchez Martin Vanessa (ESP)"]
[Result "0-1"]
[WhiteElo "2008"]
[BlackElo "2094"]

1.d4 e6 2.c4 Nf6 3.Nc3 Bb4 4.e3 c5 5.Bd3 Nc6 6.Ne2 Bxc3+ 7.bxc3 b6 8.O-O O-O
9.e4 Ne8 10.f4 f5 11.d5 Na5 12.Ng3 Nd6 13.Qf3 Bb7 14.exf5 exf5 15.Qe2 Qf6
16.Nh5 Qg6 17.h3 Rae8 18.Qf3 Naxc4 19.g4 Qf7 20.gxf5 Bxd5 21.Qg4 Ne3 22.Bxe3
Rxe3 23.Rad1 Be4 24.Bxe4 Nxe4 25.f6 Nxf6 26.Nxf6+ Qxf6 27.Rxd7 Qxc3 28.Kh2
Rfe8 29.Rg1 Re2+ 30.Kh1 g6 31.Rxh7 Qc2 {#R} 0-1

[Event "It (cat.7)"]
[Site "masterchessopen.com Paks (Hungary)"]
[Round "5"]
[White "Dumitrache Dragos-Nicolae (ROM)"]
[Black "Karolyi Tibor Jr (HUN)"]
[Result "0-1"]
[WhiteElo "2420"]
[BlackElo "2425"]

1.d4 Nf6 2.c4 e6 3.Nc3 Bb4 4.e3 c5 5.Bd3 Nc6 6.Ne2 cxd4 7.exd4 d5 8.cxd5 Qxd5
9.O-O Qh5 10.Bf4 O-O 11.Qb3 Be7 12.Rac1 b6 13.Ne4 Bb7 14.Nxf6+ Bxf6 15.Qa4
Nxd4 16.Nxd4 Qd5 17.Bxh7+ Kxh7 18.Nc6 Rfc8 19.Rfd1 Bxc6 {#R} 0-1

[Event "It (open)"]
[Site "masterchessopen.com Zalakaros (Hungary)"]
[Round "0"]
[White "Babula Vlastimil (CZE)"]
[Black "Palkovi Jozsef (HUN)"]
[Result "1-0"]
[WhiteElo "2575"]
[BlackElo "2435"]

1.d4 Nf6 2.c4 e6 3.Nc3 Bb4 4.e3 c5 5.Bd3 Nc6 6.Nf3 Bxc3+ 7.bxc3 d6 8.e4 e5
9.h3 h6 10.Be3 b6 11.d5 Ne7 12.Nd2 O-O 13.g4 Nh7 14.h4 Ng6 15.g5 Nf4 16.Bxf4
exf4 17.Qh5 Re8 18.O-O-O Re5 19.Rdg1 Bd7 20.Qf3 hxg5 21.hxg5 Rxg5 22.e5 Rxg1+
23.Rxg1 dxe5 24.Bxh7+ Kxh7 25.Qh5+ Kg8 26.Qh6 Qf8 27.Ne4 f5 28.Nf6+ Kf7
29.Qg6+ Ke7 30.d6+ {#r} 1-0

[Event "It (open)"]
[Site "masterchessopen.com Algarve (Portugal)"]
[Round "4"]
[White "Rodrigues Nuno (POR)"]
[Black "Rodrigues Rui (POR)"]
[Result "0-1"]
[WhiteElo "2141"]
[BlackElo "2171"]

1.d4 Nf6 2.c4 e6 3.Nc3 Bb4 4.e3 c5 5.Bd3 Nc6 6.Ne2 cxd4 7.exd4 d5 8.cxd5 Nxd5
9.O-O O-O 10.Bc2 b6 11.Qd3 g6 12.Bb3 Nxc3 13.bxc3 Be7 14.Be3 Bb7 15.Rad1 Na5
16.Nf4 Re8 17.Ba4 Bc6 18.Bxc6 Nxc6 19.Qe4 Rc8 20.Rd3 Bf6 21.Ne2 Ne7 22.Rfd1
Nd5 23.Bh6 Bg7 24.Rh3 Bxh6 25.Rxh6 Nxc3 26.Nxc3 Rxc3 27.h4 Qd5 28.Qf4 Qf5
29.Qd2 Qc2 30.Qg5 Qxd1+ 31.Kh2 Qxd4 {#R} 0-1

[Event "It (open)"]
[Site "masterchessopen.com Barbera (Spain)"]
[Round "7"]
[White "Georgiev Vladimir (MKD)"]
[Black "Panchenko Alexandar G (UKR)"]
[Result "1-0"]
[WhiteElo "2519"]
[BlackElo "2398"]

1.d4 Nf6 2.c4 e6 3.Nc3 Bb4 4.e3 c5 5.Bd3 Nc6 6.Ne2 cxd4 7.exd4 d5 8.cxd5 Nxd5
9.O-O Be7 10.Nxd5 exd5 11.Be3 O-O 12.Nf4 Bg5 13.Qf3 Bxf4 14.Qxf4 Be6 15.Rac1
Rc8 16.a3 h6 17.Rc5 g5 18.Qf3 f5 19.Rfc1 Qf6 20.Ba6 Qg7 21.Qh5 f4 22.Bxb7 Qxb7
23.Qg6+ Kh8 24.Qxh6+ Qh7 25.Qxe6 fxe3 26.fxe3 Ne7 27.Rxc8 Rxc8 28.Rxc8+ Nxc8
29.Qxc8+ {#r} 1-0

[Event "Extra League 1998/99"]
[Site "masterchessopen.com Czech Republic"]
[Round "8"]
[White "Babula Vlastimil (CZE)"]
[Black "Berzinsh Roland (LAT)"]
[Result "0-1"]
[WhiteElo "2567"]
[BlackElo "2446"]

1.d4 Nf6 2.c4 e6 3.Nc3 Bb4 4.e3 c5 5.Bd3 Nc6 6.Nf3 Bxc3+ 7.bxc3 d6 8.e4 e5
9.h3 h6 10.Be3 b6 11.d5 Ne7 12.Nd2 Nh7 13.h4 Bd7 14.g4 Qc8 15.g5 hxg5 16.hxg5
Ng6 17.Nf1 f6 18.gxf6 Nxf6 19.Rg1 Kf7 20.Qf3 Bg4 21.Rxg4 Qxg4 22.Qxg4 Nxg4
23.Be2 Nf6 24.Bf3 Nh4 25.Ke2 Nxf3 26.Kxf3 Rh1 27.Kg2 Rah8 28.f3 R8h2+ {#R} 0-1

[Event "Ch Finland (team) 1998/99"]
[Site "masterchessopen.com Finland"]
[Round "7"]
[White "Tella Jussi (FIN)"]
[Black "Salo Tapio (FIN)"]
[Result "1-0"]
[WhiteElo "2434"]
[BlackElo "2336"]

1.d4 Nf6 2.c4 e6 3.Nc3 Bb4 4.e3 c5 5.Bd3 Nc6 6.Nf3 Bxc3+ 7.bxc3 d6 8.O-O e5
9.Nd2 O-O 10.Ne4 Bf5 11.Ng3 Bxd3 12.Qxd3 Re8 13.f3 exd4 14.cxd4 cxd4 15.exd4
d5 16.c5 b6 17.Bg5 h6 18.Bf4 Re6 19.Nf5 bxc5 20.dxc5 Qa5 21.Bd6 Rae8 22.h3 Re2
23.Rf2 Rxf2 24.Kxf2 Re6 25.Kg1 Re1+ 26.Rxe1 Qxe1+ 27.Kh2 Qa5 28.Qe2 Kh7 29.Ne7
Qa4 30.Qd3+ Kh8 31.Nxd5 Qxa2 32.Nxf6 gxf6 33.Qe4 Qa6 34.Qe8+ {#r} 1-0

[Event "Ch Finland (team) 1999/00"]
[Site "masterchessopen.com Finland"]
[Round "1"]
[White "Kanko Ilkka (FIN)"]
[Black "Nieminen Kari (FIN)"]
[Result "1-0"]
[WhiteElo "2204"]
[BlackElo "2230"]

1.d4 Nf6 2.c4 e6 3.Nc3 Bb4 4.e3 c5 5.Bd3 Nc6 6.Nf3 Bxc3+ 7.bxc3 d6 8.e4 e5
9.h3 h6 10.dxc5 dxc5 11.Nh2 Qa5 12.Bd2 Be6 13.Nf1 Rd8 14.Qe2 Rd7 15.Ne3 Qd8
16.Nd5 Na5 17.Rb1 b6 18.O-O O-O 19.Bc2 Nxc4 20.Qxc4 Nxd5 21.exd5 Rxd5 22.Be3
Rd2 23.Qe4 f5 24.Qxe5 Rxc2 25.Qxe6+ Kh8 26.Rbd1 Qh4 27.Rd7 f4 28.Qg6 {#r} 1-0

[Event "It (open)"]
[Site "masterchessopen.com Hamburg (Germany)"]
[Round "9"]
[White "Hermesmann Hans (GER)"]
[Black "Van Hoolandt Patrick (MNC)"]
[Result "1-0"]
[WhiteElo "2271"]
[BlackElo "2050"]

1.d4 Nf6 2.c4 e6 3.Nc3 Bb4 4.e3 c5 5.Bd3 Nc6 6.Nf3 Bxc3+ 7.bxc3 d6 8.O-O O-O
9.Rb1 b6 10.Nd2 Qe7 11.Qc2 Re8 12.Ne4 h6 13.Nxf6+ Qxf6 14.f4 Bd7 15.d5 Na5
16.e4 exd5 17.e5 dxe5 18.fxe5 Qxe5 19.Bf4 Qh5 20.cxd5 Qxd5 21.Rbd1 Qe6 22.Qf2
Bc6 23.Qg3 Qxa2 24.Rd2 Qe6 25.Rdf2 Bd5 26.Bc1 Qe5 27.Qg4 Be6 28.Qh4 c4 29.Bb1
Bd5 30.Bxh6 gxh6 31.Qxh6 Re6 32.Bh7+ {#r} 1-0

[Event "It (open)"]
[Site "masterchessopen.com Klatovy (Czech Republic)"]
[Round "1"]
[White "Galicek Stanislav (CZE)"]
[Black "Pribyl Rene (CZE)"]
[Result "1-0"]
[WhiteElo "2155"]
[BlackElo "2040"]

1.d4 Nf6 2.c4 e6 3.Nc3 Bb4 4.e3 c5 5.Bd3 Nc6 6.Nf3 Bxc3+ 7.bxc3 d6 8.e4 e5
9.d5 Ne7 10.Nh4 h6 11.f4 exf4 12.Bxf4 Ng4 13.Nf5 Bxf5 14.exf5 Nf6 15.O-O Qd7
16.Rb1 Kd8 17.Qb3 Rb8 18.Qa3 Nc8 19.Rb5 b6 20.Qb2 Rb7 21.a4 a6 22.Rb3 a5
23.Rb1 Ra7 24.Rxb6 Nxb6 25.Qxb6+ Qc7 26.Qb8+ Qxb8 27.Rxb8+ Kd7 28.Rxh8 Ne8
29.f6 Nxf6 30.Rb8 {#r} 1-0

[Event "Ch Slovenia (team)"]
[Site "masterchessopen.com Kranj (Slovenia)"]
[Round "0"]
[White "Potocnik Primoz (SLO)"]
[Black "Kovacic Peter (SLO)"]
[Result "1-0"]
[WhiteElo "2269"]
[BlackElo "2218"]

1.d4 Nf6 2.c4 e6 3.Nc3 Bb4 4.e3 c5 5.Bd3 Nc6 6.Ne2 d5 7.cxd5 exd5 8.a3 Bxc3+
9.bxc3 c4 10.Bc2 Qa5 11.f3 O-O 12.O-O Re8 13.Bd2 Ne7 14.Qb1 Qb6 15.e4 Qxb1
16.Raxb1 Nd7 17.Nf4 Nb6 18.a4 dxe4 19.fxe4 Nc6 20.Rb5 Bd7 21.Rg5 f6 22.Rg3 Kh8
23.Nh5 Re7 24.Bc1 Be8 25.Nf4 Na5 26.Ba3 Rf7 27.Bb4 Nc6 28.Bc5 Nc8 29.Ne6 Bd7
30.Ng5 {#r} 1-0

[Event "It (cat.1)"]
[Site "masterchessopen.com London (England)"]
[Round "3"]
[White "Philippe Denis (BEL)"]
[Black "Richardson John R (ENG)"]
[Result "0-1"]
[WhiteElo "2019"]
[BlackElo "2315"]

1.d4 Nf6 2.c4 e6 3.Nc3 Bb4 4.e3 c5 5.Bd3 Nc6 6.Ne2 cxd4 7.exd4 d5 8.O-O dxc4
9.Bxc4 O-O 10.Bg5 Be7 11.Qd2 b6 12.a3 Bb7 13.Ba2 Rc8 14.Rfd1 Nd5 15.Bxe7 Ncxe7
16.Rac1 Nxc3 17.Rxc3 Rxc3 18.Qxc3 Nd5 19.Qg3 Qf6 20.Qe5 Qg6 21.Bb1 f5 22.Ba2
Re8 23.Rd3 f4 24.Bb1 f3 25.Ng3 fxg2 26.Ne4 Qh6 27.Ng5 Rc8 28.Rd1 Qf6 29.Bxh7+
Kh8 30.Qg3 Nf4 31.Re1 Ne2+ {#R} 0-1

[Event "Ch Moscow"]
[Site "masterchessopen.com Moscow (Russia)"]
[Round "5"]
[White "Frog Ilya (RUS)"]
[Black "Kunin Vitaly (GER)"]
[Result "1-0"]
[WhiteElo "2414"]
[BlackElo "2305"]

1.d4 Nf6 2.c4 e6 3.Nc3 Bb4 4.e3 c5 5.Bd3 Nc6 6.Nf3 Bxc3+ 7.bxc3 d6 8.e4 e5
9.O-O Bg4 10.d5 Ne7 11.h3 Bh5 12.g4 Bg6 13.Qe2 Qd7 14.Kg2 Nxg4 15.Nh4 Nf6
16.f4 exf4 17.Bxf4 O-O 18.Bh2 Rfe8 19.Rxf6 gxf6 20.Qf3 Kg7 21.Rg1 Ng8 22.Kh1
Kf8 23.Ng2 Re7 24.Bf4 Rd8 25.Ne3 Re5 26.Bxe5 fxe5 27.h4 Bh5 28.Qg3 Nh6 29.Qg7+
Ke7 30.Kh2 Rg8 31.Qxh6 Rxg1 32.Nf5+ {#r} 1-0

[Event "Ch Slovakia"]
[Site "masterchessopen.com Nove Zamky (Slovakia)"]
[Round "6"]
[White "Krak Tomas (SVK)"]
[Black "Brestak Jan (SVK)"]
[Result "0-1"]
[WhiteElo "2076"]
[BlackElo "2167"]

1.d4 Nf6 2.c4 e6 3.Nc3 Bb4 4.e3 c5 5.Bd3 Nc6 6.Ne2 d6 7.O-O Bd7 8.Bd2 h6 9.a3
Ba5 10.Qc2 Rc8 11.f3 cxd4 12.Nxd4 Ne5 13.b3 d5 14.cxd5 Bxc3 15.Bxc3 Nxd5 {#R}
0-1

[Event "Ch World (juniors) (under 18)"]
[Site "masterchessopen.com Oropesa (Spain)"]
[Round "9"]
[White "Handke Florian (GER)"]
[Black "Fedorchuk Sergey A (UKR)"]
[Result "1-0"]
[WhiteElo "2361"]
[BlackElo "2457"]

1.d4 Nf6 2.c4 e6 3.Nc3 Bb4 4.e3 c5 5.Bd3 b6 6.Nf3 Nc6 7.O-O cxd4 8.exd4 Bb7
9.Bg5 Be7 10.a3 Rc8 11.Rc1 Na5 12.Nd2 O-O 13.b4 Nc6 14.Nf3 d6 15.d5 exd5
16.Bxf6 Bxf6 17.Nxd5 g6 18.Qd2 Bg7 19.Rfd1 Re8 20.Bf1 Re6 21.Qf4 h6 22.h4 Ne7
23.Nd4 Re5 24.Nf6+ Kh8 25.f3 Nf5 26.Ng4 Nxd4 27.Nxh6 Rf5 28.Nxf7+ Rxf7 29.Qxf7
Rc7 30.Qxg6 Qxh4 31.Qe8+ Kh7 32.Bd3+ Be4 33.Bxe4+ Qxe4 34.Qxe4+ {#r} 1-0

[Event "Ch Russia (1/2 final)"]
[Site "masterchessopen.com Ufa (Russia)"]
[Round "2"]
[White "Yashtylov Anatolij (RUS)"]
[Black "Prokopchuk Evgeny (RUS)"]
[Result "1-0"]
[WhiteElo "2318"]
[BlackElo "2470"]

1.d4 Nf6 2.c4 e6 3.Nc3 Bb4 4.e3 c5 5.Bd3 d5 6.cxd5 Nxd5 7.Ne2 cxd4 8.exd4 Nc6
9.O-O Nf6 10.Bg5 Be7 11.a3 O-O 12.Bc2 b6 13.Qd3 g6 14.Rad1 Bb7 15.Rfe1 Nd5
16.Bh6 Re8 17.Nxd5 exd5 18.Nc3 Qd7 19.Qf3 Rad8 20.h3 Na5 21.b4 Nc6 22.Bb3 Bf8
23.Rxe8 Qxe8 24.Bxf8 Kxf8 25.Bxd5 Ba8 26.Qf6 Kg8 27.b5 Qe7 28.Qf3 {#r} 1-0

[Event "Ch Spain (team)"]
[Site "masterchessopen.com Barcelona (Spain)"]
[Round "5"]
[White "Limeres Cristobal (ESP)"]
[Black "Garcia Romero Benjamin Abel (ESP)"]
[Result "1-0"]
[WhiteElo "2269"]
[BlackElo "2138"]

1.d4 Nf6 2.c4 e6 3.Nc3 Bb4 4.e3 c5 5.Bd3 Nc6 6.Ne2 cxd4 7.exd4 d5 8.c5 a5
9.O-O Bxc3 10.bxc3 b6 11.cxb6 Qxb6 12.Ba3 Ba6 13.Bc2 Bc4 14.Re1 Qa6 15.Nf4 Na7
16.Nd3 Ne4 17.Nc5 Nxc5 18.Bxc5 Nb5 19.Qg4 O-O-O 20.Re3 g6 21.Qf4 Qb7 22.a4 g5
23.Qe5 Nc7 24.Rb1 Qc6 25.Rb6 Qd7 26.Re1 f6 27.Reb1 Qb5 28.Qxf6 Qe8 29.Rb8+
{#r} 1-0

[Event "It (open)"]
[Site "masterchessopen.com Epikinoni (Greece)"]
[Round "7"]
[White "Nesic Nebojsa (SRB)"]
[Black "Kalesis Nikolaos (GRE)"]
[Result "0-1"]
[WhiteElo "2234"]
[BlackElo "2431"]

1.d4 Nf6 2.c4 e6 3.Nc3 Bb4 4.e3 c5 5.Bd3 Nc6 6.Nf3 Bxc3+ 7.bxc3 d6 8.O-O e5
9.Nd2 O-O 10.Ne4 Na5 11.Qc2 g6 12.Nxf6+ Qxf6 13.f4 exf4 14.Rxf4 Qe7 15.d5 b6
16.Qf2 Nb7 17.e4 Nd8 18.Qg3 f6 19.Rh4 g5 20.Rh6 Qg7 21.Rh5 Qg6 22.Be2 Nf7
23.Be3 Bd7 24.e5 dxe5 25.Rf1 Kg7 26.h3 Kh8 {#R} 0-1